Missing Word: 'C' Literature Quiz Stats

 Plays Quiz Updated Nov 8, 2012

Support Sporcle.
Go Orange.
Score 0/20 Timer 03:00
0 Plays Today
Book Title Answer % Correct
____ and the Chocolate FactoryCharlie
98.9%
The Da Vinci ____Code
98.7%
The ____ in the RyeCatcher
96.8%
____ and PunishmentCrime
95.6%
____ WebCharlotte's
95.2%
A Tale of Two ____Cities
94.7%
The ___ PurpleColor
91.8%
Harry Potter and the ____ of SecretsChamber
90.7%
The ____ of the WildCall
90.7%
The ____ of Monte CristoCount
89.9%
Book Title Answer % Correct
One Flew Over the ____ NestCuckoo's
89.8%
In ___ BloodCold
89.4%
A ____ OrangeClockwork
87.9%
Three ____ of Tea*Cups
76%
The ____ TalesCanterbury
75.5%
Sophie's ____Choice
72.6%
The Divine ____Comedy
63.4%
Love in the Time of ____Cholera
54.1%
____, the Beloved CountryCry
44%
The Glass ____Castle
21.9%

Today's Daily Dose

Word Ladder
Math Aid

Get the Picture
Warrior Women

You're not logged in!

Compare scores with friends on all Sporcle quizzes.
OR
Log In
Forgot?

From the Vault

10 Closest US Capitals to Mexico City

by guilherme_4

Don't start typing world capitals, they won't help.
Remove Ads.
Support Sporcle.
Get the best of Sporcle when you Go Orange. This ad-free experience offers more features, more stats, and more fun while also helping to support Sporcle. Thank you for becoming a member.

Show Comments

Extras

Top Quizzes Today


Score Distribution

Your Account Isn't Verified!

In order to create a playlist on Sporcle, you need to verify the email address you used during registration. Go to your Sporcle Settings to finish the process.

Report this User

Report this user for behavior that violates our Community Guidelines.

Details: